[Event "Vienna Silvester op-B"]
[Site "Vienna"]
[Date "2021.12.30"]
[Round "4"]
[White "Gruber, Peter"]
[Black "Lentner, Johannes"]
[Result "1/2-1/2"]
[WhiteElo "1685"]
[BlackElo "1488"]
[PlyCount "65"]
[EventDate "2021.12.27"]
[EventType "swiss"]
[EventRounds "7"]
[EventCountry "AUT"]
[SourceTitle "EXT 2023"]
[Source "ChessBase"]
[SourceDate "2022.10.05"]
[SourceVersion "1"]
[SourceVersionDate "2022.10.05"]
[SourceQuality "1"]

1. e4 d5 2. exd5 Nf6 3. c4 c6 4. d4 Bg4 5. Be2 Bxe2 6. Nxe2 g6 7. Nbc3 Bg7 8. dxc6 Nxc6 9. Be3 0-0 10. 0-0 e6 11. Qd2 a6 12. Bh6 Rc8 13. Bxg7 Kxg7 14. b3 Re8 15. Rad1 Qc7 16. Rfe1 Rcd8 17. h3 Rd7 18. Qe3 Nb4 19. Qc1 Red8 20. a3 Nc6 21. Qe3 Na5 22. Rb1 Nc6 23. Red1 Ne7 24. Ng3 Nc6 25. Nce2 Qa5 26. b4 Qc7 27. a4 Ne7 28. Rbc1 Qb8 29. b5 a5 30. Nc3 b6 31. Nce4 Nxe4 32. Qxe4 Qc7 33. Qe2 1/2-1/2